000 00250nam a22000857a 4500
008 160629b xxu||||| |||| 00| 0 eng d
100 _91403
_aMittal, R.S., et al
245 _aNew Course Science and Technology Physics - IX
260 _aNEW DELHI
_bARYA
_c2003
999 _c1160
_d1160